Sports Quiz

Random Sports or NFL Quiz
Score 0/32 Timer 04:00
0 Plays Today
% Correct
John Kuhn
97.1%
Mike Tolbert
91.4%
Vonta Leach
90%
Peyton Hillis
87.1%
Marcel Reece
87.1%
Henry Hynoski
85.7%
Dwayne Allen
77.1%
Brandon Bolden
77.1%
Michael Robinson
75.7%
Lance Kendricks
72.9%
James Casey
67.1%
Jacob Hester
62.9%
Greg B. Jones
61.4%
Jerome Felton
61.4%
Bruce Miller
57.1%
Jorvorskie Lane
54.3%
% Correct
Jed Collins
52.9%
Le'ron McClain
47.1%
Darrel Young
47.1%
Lawrence Vickers
40%
Will Heller
40%
Will Johnson
40%
Lex Hilliard
38.6%
Stanley Havili
37.1%
Corey McIntyre
35.7%
Evan Rodriguez
35.7%
Chris Pressley
34.3%
Alex Smith
31.4%
Quinn Johnson
28.6%
Anthony Sherman
27.1%
Erik Long
22.9%
Mike Cox
18.6%

You're not logged in!

Compare scores with friends on all Sporcle quizzes.
OR
Log In

Sporcle TV

Today on Sporcle TV


Watch our educational content, quiz creation guides, and fun videos on Sporcle TV.

Show Comments

Extras

Top Quizzes Today


Score Distribution

Paid Content

Your Account Isn't Verified!

In order to create a playlist on Sporcle, you need to verify the email address you used during registration. Go to your Sporcle Settings to finish the process.

Report this User

Report this user for behavior that violates our Community Guidelines.

Details: